Золотая птица: сказки; для дошкольного и младшего школьного возраста; пересказ с нем.

Podrobná bibliografie
Hlavní autor: Гримм Я. Якоб
Další autoři: Гримм В. К. Вильгельм Карл (иллюстратор), Гримм В. Вильгельм, Гершкович Ю.
Jazyk:ruština
Vydáno: Саратов, Приволжское книжное издательство, 1991
Témata:
Médium: Kniha
KOHA link:https://koha.lib.tpu.ru/cgi-bin/koha/opac-detail.pl?biblionumber=156588

MARC

LEADER 00000nam0a2200000 4500
001 156588
005 20231101221919.0
010 |a 5763303636 
020 |a RU  |b 89-20166 
035 |a (RuTPU)RU\TPU\book\169830 
035 |a RU\TPU\book\154892 
090 |a 156588 
100 |a 20090330d1991 c y0rusy5003 ca 
101 1 |a rus  |c ger 
102 |a RU 
105 |a a z 000ay 
200 1 |a Золотая птица  |e сказки  |e для дошкольного и младшего школьного возраста  |e пересказ с нем.  |f Я. Гримм, В. К. Гримм  |g худож. Ю. Гершкович 
210 |a Саратов  |c Приволжское книжное издательство  |d 1991 
215 |a 240 с.  |c цв. ил.  |d 28 см 
610 1 |a Сказки немецкие 
610 1 |a детская литература 
675 |a 83  |z rus 
700 1 |a Гримм  |b Я.  |c немецкий филолог  |f 1785-1863  |g Якоб  |2 stltpush  |3 (RuTPU)RU\TPU\pers\7803  |9 1522 
701 1 |a Гримм  |b В. К.  |g Вильгельм Карл  |4 070 
701 1 |a Гримм  |b В.  |c немецкий филолог  |f 1786-1859  |g Вильгельм  |2 stltpush  |3 (RuTPU)RU\TPU\pers\7804  |9 1523 
702 1 |a Гершкович  |b Ю.  |4 440 
801 0 |a RU  |b RuMRKP  |c 19950417  |g psbo 
801 1 |a RU  |b 63413507  |c 20080915  |g PSBO 
801 2 |a RU  |b 63413507  |c 20160118  |g PSBO 
942 |c BK